Field notes on science & nature (Record no. 231264)
[ view plain ]
| 000 -LEADER | |
|---|---|
| fixed length control field | 02359nam a2200373 a 4500 |
| 082 04 - DEWEY DECIMAL CLASSIFICATION NUMBER | |
| Classification number | 570.72 |
| 245 00 - TITLE STATEMENT | |
| Title | Field notes on science & nature |
| 260 ## - PUBLICATION, DISTRIBUTION, ETC. (IMPRINT) | |
| Place of publication | Cambridge, Mass. : |
| Name of publisher | Harvard University Press, |
| Year of publication | 2011. |
| 300 ## - PHYSICAL DESCRIPTION | |
| Number of Pages | xiii, 297 p. : |
| Other physical details | ill. (some col.), maps (chiefly col.) |
| 505 0# - FORMATTED CONTENTS NOTE | |
| Formatted contents note | Foreword / Edward O. Wilson -- Introduction / Michael R. Canfield -- The pleasure of observing / George B. Schaller -- Untangling the bank / Bernd Heinrich -- One and a half cheers for list-keeping / Kenn Kaufman -- A reflection of the truth / Roger Kitching -- Linking researchers across generations / Anna K. Behrensmeyer -- The spoken and the unspoken / Karen L. Kramer -- In the eye of the beholder / Jonathan Kingdon -- Why sketch? / Jenny Keller -- The evolution and fate of botanical field books / James L. Reveal -- Note-taking for pencilophobes / Piotr Naskrecki -- Letters to the future / John D. Perrine and James L. Patton -- Why keep a field notebook? / Erick Greene. |
| 520 ## - SUMMARY, ETC. | |
| Summary, etc | Pioneering a new niche in the study of plants and animals in their natural habitat, this book allows readers to peer over the shoulders and into the notebooks of a dozen eminent field workers, to study firsthand their observational methods, materials, and fleeting impressions. |
| 650 #0 - SUBJECT ADDED ENTRY--TOPICAL TERM | |
| Topical Term | Biology |
| Topical Term | Natural history |
| Topical Term | Note-taking. |
| 700 1# - ADDED ENTRY--PERSONAL NAME | |
| Personal name | Canfield, Michael R. |
| 856 40 - ELECTRONIC LOCATION AND ACCESS | |
| Uniform Resource Identifier | http://site.ebrary.com/lib/rucke/Doc?id=10496849 |
No items available.
